تكنولوجيا إدارة المواد = (Record no. 14101)

MARC details
000 -الفاتح
حقل البيانات ثابتة الطول 01026nam a22002297i 4500
003 - محدد رقم الضبط
رقم الضبط EG-ScBUE
005 - وقت وتاريخ اخر تعامل مع التسجيلة
رقم الضبط 20221124095108.0
008 - عناصر البيانات ثابتة الطول - معلومات عامة
حقل البيانات ثابتة الطول 100616s2002 xx a f b 000 0 ara d
017 ## - رقم الإيداع القانونى
رقم الإيداع القانونى 2002 / 4182
040 ## - مصدر الفهرسة
وكالة الفهرسة الأصلية EG-ScBUE
لغة الفهرسة ara
قواعد الوصف rda
وكالة النسخ EG-ScBUE
وكالة التعديل EG-ScBUE
082 04 - رقم تصنيف ديوى العشرى
رقم الطبعة 22
رقم التصنيف 658.7
رقم المادة ب ط ل
100 1# - المدخل الرئيسى - إسم شخصى
9 (RLIN) 14761
الإسم الشخصى بطل، منى محمد إبراهيم،
الدور مؤلف.
245 10 - بيان العنوان
العنوان تكنولوجيا إدارة المواد =
بقية العنوان Materials management technology /
بيان المسئوليه,etc د. منى محمد إبراهيم البطل، أستاذ إدارة الأعمال المساعد، كلية التجارة، جامعة قناة السويس.
264 ## - النشر، التوزيع
مكان الناشر او الموزع [مكان النشر غير محدد] :
اسم الناشر او الموزع [اسم الناشر غير محدد]،
تاريخ النشر أو التوزيع 2002.
300 ## - الوصف المادى
التعداد 490 صفحة :
تفاصيل ماديه اخرى للوعاء إيضاحيات ؛
أبعاد الوعاء 22 سم
504 ## - تبصرة ببليوجرافية
تبصرة ببليوجرافية,الخ يشتمل على إرجاعات ببليوجرافية.
541 ## - تبصرة المصدر المباشر للتزويد
مصدر التزويد Book from store.
650 #7 - المدخل الاضافى بالموضوع-مصطلح موضوعى
9 (RLIN) 14828
مصطلح موضوعي أو اسم جغرافي كعنصر مدخل إدارة المواد.
مصدر الرأس أو المصطلح BUEsh
653 ## - مصطلح تكشيفى غير مقيد
Resource For college Generalities
Arrived date list November2022
655 ## - مصطلح تكشيفى-نوع/شكل
التقسيم الفرعي الشكلي Reading book
942 ## - عناصر المدخل الإضافي( كوها)
مصدر التصنيف او مخطط الترفيف Dewey Decimal Classification
Koha [default] item type Book - Borrowing
Holdings
حالة التراجع حالة الفقد مصدر التصنيف او خطة الترفيف تحديد مواد ( مجلدات مجمعه أو جزء أخر) حالة تلف ليس للاعارة مجموعات كوها المكان الدائم المكان الحالي موقع الترفيف تاريخ الاكتساب Source of acquisition رقم الاستدعاء الباركود Date last seen نوع الوعاء
  Lost Dewey Decimal Classification Lost_In_Inventory_12-2-2024       Central Library Central Library First floor 16/06/2010 Donation 658.7 الب 000020888 24/08/2022 Book - Borrowing
    Dewey Decimal Classification       Donation-Gift Central Library Central Library First floor 24/11/2022 Donation 658.7 ب ط ل 000056522 15/07/2025 Book - Borrowing